000 00663nam a22001577a 4500
003 OSt
005 20151001163447.0
008 151001b xxu||||| |||| 00| 0 eng d
040 _cRUA
082 _aAVM TY 1996 B069 Or.1
100 _91708
_aTY BOROM
245 _aEtud sur l'utilisation du patyrage pres du lac du communede chveang district ponhea- leu, (ការសិក្សាអំពីការប្រើប្រាស់វាលស្មៅនៅតាមមាត់បឹង ក្នុងឃុំឈ្វំាង ស្រុកពញាព្ញ)
260 _aphnom penh
_bRUA
_c1996
300 _a71p.
_bill.
_c29cm.
942 _2ddc
_cAVM
999 _c1611
_d1611